Canudos: imagens da guerra

Sábháilte in:
Sonraí bibleagrafaíochta
Príomhchruthaitheoir: Almeida, Cicero Antonio F. de (Údar)
Formáid: LEABHAR
Teanga:Portaingéilis
Foilsithe / Cruthaithe: Río de Janeiro Lacerda 1997
Ábhair:
Clibeanna: Cuir clib leis
Níl clibeanna ann, Bí ar an gcéad duine le clib a chur leis an taifead seo!

MARC

LEADER 00000nam a2200000 a 4500
001 UCP7071
003 CL-VaPUC
008 991126e19970000BL |||||||||||||||||por|d
082 0 4 |a 981  |b ALM  |2 21 
100 0 |a Almeida, Cicero Antonio F. de  |e author  |9 436467 
245 1 0 |a Canudos: imagens da guerra 
300 |a 171 p 
942 |c BK 
945 |d 19991126 00:00:00  |a rbrito 
260 |a Río de Janeiro  |b Lacerda  |c 1997 
600 0 7 |a GUERRA DE CANUDOS  |2 CL-VaPUC  |9 436468 
650 7 |a HISTORIA DE BRASIL SIGLO 19  |2 CL-VaPUC  |9 436469 
650 0 |a Fotografías  |9 268494 
651 0 |a Brasil  |9 267393 
583 |a last modification  |c 20160829 11:49:21  |k Rodrigo Vera 
999 |c 284420  |d 284418 
952 |0 0  |1 0  |4 0  |6 981_000000000000000_ALM_1997  |7 0  |8 A  |9 328427  |a BIBARQ  |b BIBARQ  |d 2019-11-20  |i 3579999  |o 981 ALM 1997  |p 3579999  |r 2025-01-20  |w 2019-11-20  |y BK  |k ARQ